| 000 | 06780cam a22018494i 4500 | ||
|---|---|---|---|
| 003 | PE-LiUPU | ||
| 005 | 20250813165816.0 | ||
| 008 | 150706s2009 mx a rb 000 0 spa d | ||
| 020 | _a9701069285 | ||
| 020 | _a9789701069288 | ||
| 035 | _a(Sirsi) i9789701069288 | ||
| 040 |
_aPE-LiUPU _bspa _cPE-LiUPU _dPE-LiUPU _erda |
||
| 049 | _aPRUA | ||
| 082 | 0 | 4 |
_a612.39 _bR85 _221 |
| 100 | 1 |
_aRoth, Ruth A., _eautor. |
|
| 245 | 1 | 0 |
_aNutrición y dietoterapia / _cRuth a. Roth. |
| 250 | _a9º edición. | ||
| 264 | 1 |
_aMéxico : _bMcGraw-Interamericana, _c2009. |
|
| 300 |
_a541 páginas : _bilustraciones ; _c27 centímetros |
||
| 336 |
_atext _2rdacontent |
||
| 337 |
_aunmediated _2rdamedia |
||
| 338 |
_avolume _2rdacarrier |
||
| 504 | _aIncluye bibliografía. | ||
| 505 | 0 | _aPrincipios de nutrición -- La relación entre nutrición y salud -- Los nutrientes y sus funciones -- Características de la buena nutrición -- Malnutrición -- Individuos en riesgo de mala ingesta nutricional -- Efectos acumulativos de la nutrición -- Valoración nutricional -- Consideraciones para el profesional del cuidado de la salud -- Planeación de una dieta saludable -- Guías dietéticas para estadounidenses -- Etiquetado de los alimentos -- Hábitos alimenticios -- Patrones de alimentación basados en la cultura -- Patrones de alimentación basados en la religión o filosofía -- Otros patrones alimenticios -- Consideraciones para el profesional del cuidado de la salud -- Digestión, absorción y metabolismo -- Digestión -- Absorción -- Metabolismo -- Energía -- Consideraciones para el profesional del cuidado de la salud -- Carbohidratos -- Funciones -- Fuentes alimenticias -- Clasificación -- Digestión y absorción -- Metabolismo y eliminación -- Requisitos dietéticos -- Consideraciones para el profesional del cuidado de la salud -- Lípidos o grasas -- Funciones -- Fuentes alimenticias -- Clasificación -- Colesterol -- Digestión y absorción -- Metabolismo y eliminación -- Las grasas y el consumidor -- Requisitos dietéticos -- Consideraciones para el profesional del cuidado de la salud -- Proteínas -- Funciones -- Fuentes alimenticias -- Clasificación -- Composición -- Digestión y absorción -- Metabolismo y eliminación -- Requisitos dietéticos -- Consideraciones para el profesional del cuidado de la salud -- Vitaminas -- Minerales -- Agua -- Enfermedades y alergias relacionadas con la comida -- Bacterias que causan enfermedades en alimentos -- Otras sustancias que producen intoxicación alimenticia -- Dieta durante el embarazo y la lactancia -- Ganancia de peso durante el embarazo -- Necesidades nutricionales previas al embarazo -- Necesidades nutricionales durante el embarazo -- Dieta durante la infancia -- Dieta durante la niñez y la adolescencia -- Dieta durante las etapas adultas joven y media -- Dieta durante la etapa adulta tardía -- Terapia nutricional médica -- Dieta y control de peso -- Dieta y diabetes mellitus -- La dieta y la enfermedad cardiovascular -- La dieta y la enfermedad renal -- Dieta y problemas gastrointestinales -- Dieta y cáncer -- Dieta y clientes con necesidades especiales -- Cuidado nutricional de los clientes. | |
| 526 | _aP203 | ||
| 526 | _aP200 | ||
| 526 | _aSEG65 | ||
| 526 | _aSEG64 | ||
| 526 | _aSEG63 | ||
| 526 | _aSEG62 | ||
| 526 | _aSEG61 | ||
| 526 | _aSEG60 | ||
| 526 | _aSEG59 | ||
| 526 | _aSEG58 | ||
| 526 | _aSEG57 | ||
| 526 | _aSEG56 | ||
| 526 | _aSEG55 | ||
| 526 | _aSEG54 | ||
| 526 | _aSEG53 | ||
| 526 | _aSEG52 | ||
| 526 | _aSEG51 | ||
| 526 | _aSEG50 | ||
| 526 | _aSEG49 | ||
| 526 | _aSEG48 | ||
| 526 | _aSEG47 | ||
| 526 | _aSEG46 | ||
| 526 | _aSEG24 | ||
| 526 | _aSEG23 | ||
| 526 | _aSEG22 | ||
| 526 | _aSEG21 | ||
| 526 | _aSEG20 | ||
| 526 | _aSEG19 | ||
| 526 | _aSEG18 | ||
| 526 | _aSEG17 | ||
| 526 | _aSEG16 | ||
| 526 | _aSEG14 | ||
| 526 | _aSEG13 | ||
| 526 | _aSEG12 | ||
| 526 | _aSEG11 | ||
| 526 | _aSEG10 | ||
| 526 | _aSEG09 | ||
| 526 | _aSEG06 | ||
| 526 | _aSEG05 | ||
| 526 | _aSEG04 | ||
| 526 | _aSEG03 | ||
| 526 | _aSEG02 | ||
| 526 | _aSEG68 | ||
| 526 | _aSEG66 | ||
| 526 | _aSEG45 | ||
| 526 | _aSEG25 | ||
| 526 | _aSEG01 | ||
| 526 | _aP163 | ||
| 526 | _aP162 | ||
| 526 | _aP161 | ||
| 526 | _aP160 | ||
| 526 | _aP159 | ||
| 526 | _aP158 | ||
| 526 | _aP157 | ||
| 526 | _aP156 | ||
| 526 | _aP155 | ||
| 526 | _aP154 | ||
| 526 | _aP153 | ||
| 526 | _aP152 | ||
| 526 | _aP151 | ||
| 526 | _aP150 | ||
| 526 | _aP149 | ||
| 526 | _aP142 | ||
| 526 | _aP141 | ||
| 526 | _aP140 | ||
| 526 | _aP139 | ||
| 526 | _aP138 | ||
| 526 | _aP137 | ||
| 526 | _aP132 | ||
| 526 | _aP131 | ||
| 526 | _aP130 | ||
| 526 | _aP126 | ||
| 526 | _aP125 | ||
| 526 | _aP124 | ||
| 526 | _aP123 | ||
| 526 | _aP115 | ||
| 526 | _aP122 | ||
| 526 | _aP121 | ||
| 526 | _aP116 | ||
| 526 | _a P114 | ||
| 526 | _aP112 | ||
| 526 | _aP111 | ||
| 526 | _aP104 | ||
| 526 | _aP103 | ||
| 526 | _aP102 | ||
| 526 | _aP101 | ||
| 526 | _aP100 | ||
| 526 | _aP96 | ||
| 526 | _aP95 | ||
| 526 | _aP93 | ||
| 526 | _aP92 | ||
| 526 | _aP91 | ||
| 526 | _aP88 | ||
| 526 | _aP83 | ||
| 526 | _aP82 | ||
| 526 | _aP79 | ||
| 526 | _aP78 | ||
| 526 | _aP75 | ||
| 526 | _aP74 | ||
| 526 | _aP71 | ||
| 526 | _aP69 | ||
| 526 | _a P51 | ||
| 526 | _aP49 | ||
| 526 | _aP48 | ||
| 526 | _aP47 | ||
| 526 | _aP33 | ||
| 526 | _aP31 | ||
| 526 | _a P30 | ||
| 526 | _aP29 | ||
| 526 | _aP27 | ||
| 526 | _aP26 | ||
| 526 | _aP25 | ||
| 526 | _aP24 | ||
| 526 | _a P22 | ||
| 526 | _aP10 | ||
| 526 | _aP09 | ||
| 526 | _a P08 | ||
| 526 | _aP06 | ||
| 526 | _aP05 | ||
| 526 | _aP04 | ||
| 526 | _aP01 | ||
| 541 | _g001-000243; | ||
| 650 | 0 | 4 |
_aDietética. _91967 |
| 650 | 0 | 4 |
_aNutrición. _9394 |
| 910 |
_bjv _clch _d20100930 |
||
| 942 |
_2ddc _cBOOK |
||
| 949 |
_a612.39 R85 _wDEWEY _c1 _i62127 _d2015-8-10 _e2015-8-10 _kCHECKEDOUT _lCCODEBUL1 _mBUL _n1 _p68.00 _rM _sY _tBOOK _u2015-7-6 _xSALUD _PP22 _o.STAFF. Colección Ciencias de la Salud |
||
| 949 |
_a612.39 R85 _wDEWEY _c2 _i62126 _d2016-9-5 _e2016-9-4 _f2017-2-16 _g1 _lCCODEBUL1 _mBUL _n9 _p68.00 _r0 _sY _tBOOK _u2015-7-6 _xSALUD _PP22 _0COMPRA _o.STAFF. Colección Ciencias de la Salud |
||
| 994 |
_aC0 _bPEPRU |
||
| 596 | _a1 | ||
| 999 |
_a612.39 R85 _wDEWEY _c51214 _i62127 _d51214 _e2015-8-10 _kLOST-CLAIM _lLOST _mBUL _n1 _p68.00 _r0 _sN _tBOOK _u2015-7-6 _xSALUD _PP22 _o.STAFF. Colección General |
||
| 999 |
_a612.39 R85 _wDEWEY _c2 _i62126 _d2019-8-13 _e2019-5-27 _f2021-11-3 _g5 _lCCODEBUL1 _mBUL _n12 _p68.00 _q11 _r0 _sY _tBOOK _u2015-7-6 _xSALUD _zP22 _0COMPRA _o.STAFF. Colección Ciencias de la Salud |
||
| 980 |
_81 _gALBERTO SANCHEZ Responsable de Automatización |
||